000 01403nam a2200241Ia 4500
003 Ost
005 20260507075655.0
008 260507s9999||||xx |||||||||||||| ||und||
020 _a9957114948
040 _cfsecg
041 _aara
082 _a658.56
100 _aجودة، محفوظ أحمد
_eمؤلف
245 0 _aإدارة الجودة الشاملة :
_bمفاهيم وتطبيقات /
_c محفوظ أحمد جودة
260 _aعمان:
_bدار وائل للنشر والتوزيع,
_c2004
300 _a332 صفحة؛
_bإيضاحات ؛
_c24 سم
504 _aالمراجع ص.325
520 _aما هية ادارة الجودة الشاملة، ادارة الجودة الشاملة والتغيير، تنظيم ادارة الجودة الشاملة، التركيز على العميل، القيادة، الادارة الاستراتيجية للجودة، الموارد البشرية في ادارة الجودة الشاملة، العلاقات بين الموردين، تكاليف الجودة، التحسين المستمر، تطبيق ادارة الجودة الشاملة، الضبط الاحصائي للجودة، جوائز ادارة الجودة الشاملة، أنظمة الجودة.
653 _aإدارة الأعمال
653 _aإدارة الجودة
653 _aإدارة الجودة الشاملة
942 _cكتاب
999 _c45682
_d45682